| 000 | 00379cam a22001217a 4500 | ||
|---|---|---|---|
| 008 | 180718b1972 xxu||||| |||| 00| 0 eng d | ||
| 082 | _aA81x54 In2/71/9/Pt2A | ||
| 100 | _aCensus of India 1971 | ||
| 245 | _aKerala: general population tables | ||
| 260 |
_aDelhi _bThe Manager of Publications _c1972 |
||
| 300 | _a242+p. | ||
| 440 | _aCensus of India 1971. Series-9, Kerala. Part II-A | ||
| 999 |
_c485247 _d485247 |
||